| 000 | 01218nam a2200253Ia 4500 | ||
|---|---|---|---|
| 003 | OSt | ||
| 005 | 20210108200344.0 | ||
| 008 | 191128s2004 ck fr f000 0 spa d | ||
| 040 |
_aCO-JMCR _cCO-JMCR |
||
| 041 | 0 | _aspa | |
| 082 | 0 | 4 |
_a352.13 / _bC718m _223 |
| 110 | 1 |
_aColombia. _bMinisterio de Hacienda y Crédito Público _97620 |
|
| 245 | 1 | 0 |
_aManual de cobro administrativo coactivo para entidades territoriales / _cMinisterio de Hacienda y Crédito Público |
| 260 |
_aBogotá : _bMinisterio de Hacienda y Crédito Público, _c2004 |
||
| 300 |
_a258 páginas ; _c24 cm. |
||
| 490 | 0 | _aInstrumentos de apoyo a la gestión tributaria territorial | |
| 505 | 0 | _aVía persuasiva y trámites iniciales -- Aspectos generales del procedimiento administrativo coactivo -- Actuaciones procesales -- Glosario de términos -- Normas -- Jurisprudencia y doctrina -- Modelos de actuaciones | |
| 650 | 1 | 4 |
_aRecaudación de impuestos _xmanuales _zColombia _98405 |
| 650 | 1 | 4 |
_aEvasión de impuestos _xlegislación _zColombia _99643 |
| 650 | 1 | 4 |
_aProcedimiento tributario _xmanuales _zColombia _99644 |
| 650 | 1 | 4 |
_aImpuestos territoriales _xmanuales _zColombia _99645 |
| 650 | 2 | 4 |
_aDerecho fiscal _zColombia _98409 |
| 942 |
_2ddc _cBK |
||
| 999 |
_c3732 _d3732 |
||